The PC user's guide

Bibliographic Details
Main Author: Anis, Nick
Other Authors: Menefee, Craig
Format: Book
Published: Berkeley, Calif., U.S.A. : Osborne McGraw-Hill , 1991
Subjects:

MARC

LEADER 00000cam a2200000 7i4500
001 0000007975
002 000008616
005 20000330.0
020 |a 007881670X 
090 0 0 |a 004.165   |b PER 
100 1 |a Anis, Nick 
245 1 4 |a The PC user's guide   |c Nick Anis, Craig Menefee 
260 |a Berkeley, Calif., U.S.A. :   |b Osborne McGraw-Hill ,   |c 1991 
300 |a xxiii, 725 p. :   |b ill. ;   |c 24 cm. 
650 0 0 |a Microcomputers 
700 0 |a Menefee, Craig 
999 |a 025797   |b BUKU   |c PINJAMAN   |e PERPUSTAKAAN KOMUNITI PETALING JAYA